000 00209nam a2200097 a 4500
005 20140414132050.0
008 110330s19uu xx 00 eng d
050 _aP
_bFLO
245 _aFlowers.
999 _c114131
_d114131